1363 1665 1066 1747 1068 1757 1435 1076 1313 1133 1576 1915 1449 1831 1733 1192 1037 1440 1654 1773 1500 1010 1629 1059 1012 1520 1707 1020 1746 1739 1712 1576 1790 1854 1202 1165 1156 1638 1262 1726 1891 1863 1682 1753 1736 1907 1423 1196 1498 1656 1677 1402 1998 1618 1738 1534 1589 1226 1281 1698 1470 1464 1086 1106 1711 1284 1584 1220 1727 1842 1181 1093 1773 1040 1299 1071 1342 1663 1196 1013 1533 1295 1984 1699 1353 1175 1916 1305 1589 1743 1083 1658 1349 1856 1090 1452 1165 1741 1262 BCNSPRNW ULIB Ver.6.0+V

เปลี่ยนเป็นภาษาไทย

Change to English
 แสดงรายละเอียดบรรณานุกรม
  กลับหน้าหลัก

Brief Record : Get Marc (ISO 2709) : E-mail record : QR code < ปิดหน้าต่าง
LEADER : 00000nam 2200000uu 4500
001    13399127749
003     ULIB
008    210518s2557||||th 000 0 tha d
020    ู^a9786163693792
050    ^aนว^bซ119ม^cล.9
100    ^aซ็อลบง
245    ^aมหากาพย์เทพมรณะ เล่ม 9
250    ^aพิมพ์ครั้งที่ 1
260    ^aกรุงเทพฯ :^bสยามอินเตอร์บุ๊คส์,^c2557
300    ^a220 หน้า;^b21 ซม.
650    ^aนวนิยาย
945    ^p200^l0^i008060
999    ^aประนอม เกษจรัล
รายการนี้ยังไม่มีแท็ก
คุณยังไม่ได้ล็อกอิน คุณสามารถมีกิจกรรมร่วมกับเว็บไซต์ได้ แต่ต้องล็อกอินก่อน ::
  ล็อกอิน

รายการสื่อสารสนเทศ

ลำดับที่ ประเภท เลขเรียก/บาร์โค้ด สถานที่ สถานะ
1. นวนิยาย
นวนิยาย
นว ซ119ม ล.9 ฉ.1 
  Barcode: 008060
ห้องสมุดวิทยาเขตนครสวรรค์
►นวนิยาย:l:Fiction
บนชั้น
Note:บริจาค

รายการใกล้เคียง
    ผู้แต่ง [ซ็อลบง]

    หัวเรื่อง [นวนิยาย]

BibComment


ยังไม่เคยถูกคอมเมนท์

คอมเมนท์ทรัพยากรรายการนี้
  คอมเมนท์: มหากาพย์เทพมรณะ ..


 Copyright 2026. Bcnsprnw @Library